[Event "Guelph op"]
[Site "Guelph CAN"]
[Date "2004.07.29"]
[Round "2"]
[White "MacPhail, John"]
[Black "Harper, Ryan"]
[Result "1/2-1/2"]
[WhiteElo "2339"]
[BlackElo "2207"]
[PlyCount "79"]
[GameId "2160767911094842"]
[EventDate "2004.07.28"]
[EventType "swiss"]
[EventRounds "9"]
[EventCountry "CAN"]
[SourceTitle "CBM 101 Extra"]
[Source "ChessBase"]
[SourceDate "2004.09.01"]
[SourceVersion "2"]
[SourceVersionDate "2004.09.01"]
[SourceQuality "1"]

1. e4 c5 2. Nf3 d6 3. d4 cxd4 4. Nxd4 Nf6 5. Nc3 g6 6. Be3 Bg7 7. f3 Nc6 8. Qd2 O-O 9. O-O-O Nxd4 10. Bxd4 Be6 11. g4 Qa5 12. Kb1 Rfc8 13. a3 Rab8 14. Nd5 Qxd2 15. Rxd2 Bxd5 16. exd5 a6 17. h4 Nd7 18. h5 Ne5 19. hxg6 hxg6 20. Rdh2 f6 21. Be2 Nd7 22. Bd3 Kf7 23. f4 Rh8 24. b4 Rxh2 25. Rxh2 Rh8 26. Rxh8 Bxh8 27. f5 Nf8 28. a4 gxf5 29. gxf5 Bg7 30. Be3 Nd7 31. a5 Ne5 32. Be2 Ke8 33. Ka2 Kd7 34. Kb3 Nf7 35. b5 axb5 36. Bxb5+ Kc8 37. Be8 Bh6 38. Bb6 Ne5 39. Bb5 Nf3 40. a6 1/2-1/2

[Event "Guelph op"]
[Site "Guelph CAN"]
[Date "2004.07.29"]
[Round "2"]
[White "Noritsyn, Nikolay"]
[Black "Predescu, Sebastian"]
[Result "1-0"]
[WhiteElo "2175"]
[BlackElo "2221"]
[PlyCount "77"]
[GameId "2160767911094843"]
[EventDate "2004.07.28"]
[EventType "swiss"]
[EventRounds "9"]
[EventCountry "CAN"]
[SourceTitle "CBM 101 Extra"]
[Source "ChessBase"]
[SourceDate "2004.09.01"]
[SourceVersion "2"]
[SourceVersionDate "2004.09.01"]
[SourceQuality "1"]

1. e4 c5 2. Nf3 d6 3. d4 cxd4 4. Nxd4 Nf6 5. Nc3 a6 6. Bg5 e6 7. f4 Nbd7 8. Qf3 Qc7 9. O-O-O b5 10. g4 b4 11. Nce2 Bb7 12. Ng3 Rc8 13. Bd3 Qb6 14. Bxf6 Nxf6 15. f5 e5 16. g5 Nd7 17. Nb3 a5 18. g6 f6 19. gxh7 Rxh7 20. Qg4 Kf7 21. Nd2 Ba6 22. Bxa6 Qxa6 23. Kb1 a4 24. Nf3 a3 25. Qg6+ Kg8 26. Ng5 fxg5 27. Qe6+ Kh8 28. Qxd7 axb2 29. Qe6 Rh6 30. Qb3 Rc4 31. Rhe1 Rxh2 32. Rh1 Rh6 33. f6 d5 34. Nf5 Rxh1 35. Rxh1+ Kg8 36. Ne3 gxf6 37. Nxd5 Kg7 38. Qh3 Bc5 39. Qd7+ 1-0

[Event "Guelph op"]
[Site "Guelph CAN"]
[Date "2004.07.29"]
[Round "2"]
[White "Peredun, Andrew"]
[Black "Ochkoos, Jura"]
[Result "1/2-1/2"]
[WhiteElo "2303"]
[BlackElo "2299"]
[PlyCount "134"]
[GameId "2160767911094844"]
[EventDate "2004.07.28"]
[EventType "swiss"]
[EventRounds "9"]
[EventCountry "CAN"]
[SourceTitle "CBM 101 Extra"]
[Source "ChessBase"]
[SourceDate "2004.09.01"]
[SourceVersion "2"]
[SourceVersionDate "2004.09.01"]
[SourceQuality "1"]

1. e4 e5 2. Nf3 Nc6 3. Bb5 Nf6 4. O-O Nxe4 5. d4 Nd6 6. Bxc6 dxc6 7. dxe5 Nf5 8. Qxd8+ Kxd8 9. Nc3 h6 10. b3 Be6 11. Bb2 Ke8 12. Rad1 Rd8 13. Rxd8+ Kxd8 14. h3 Ne7 15. Ne4 Ng6 16. c4 c5 17. Kh2 b6 18. g3 Ne7 19. Rd1+ Kc8 20. Nh4 g5 21. Ng2 Bg7 22. f4 gxf4 23. Nxf4 Rd8 24. Rxd8+ Kxd8 25. g4 Ng6 26. Nxg6 fxg6 27. Kg3 a6 28. Kf4 Bf8 29. h4 Kd7 30. h5 g5+ 31. Kf3 b5 32. Nd2 Bg8 33. Bc3 Ke6 34. cxb5 axb5 35. a4 c6 36. a5 Kd7 37. a6 Kc8 38. Ba5 Bd5+ 39. Ke3 Be6 40. Ne4 Bxg4 41. Bb6 Kb8 42. Bxc5 Bg7 43. Nf6 Bxf6 44. exf6 Bxh5 45. b4 Bf7 46. Ke4 g4 47. Bf2 h5 48. Kf4 Ka8 49. Kg3 Be8 50. Kh4 Bf7 51. Kg3 Be8 52. Kf4 Bf7 53. Ke5 h4 54. Bxh4 Ka7 55. Kd6 Bd5 56. Bf2+ Kxa6 57. Kc7 Bg8 58. Kxc6 Bc4 59. Kc7 Bb3 60. Bg3 Bc4 61. Bf2 Bb3 62. Bh4 Bc4 63. Be1 Bb3 64. Kd6 Kb7 65. Ke7 Kc6 66. f7 Bxf7 67. Kxf7 Kd5 1/2-1/2

[Event "Guelph op"]
[Site "Guelph CAN"]
[Date "2004.07.29"]
[Round "2"]
[White "Stevens, Christian"]
[Black "Thavandiran, Shiyam"]
[Result "1-0"]
[WhiteElo "2266"]
[BlackElo "2103"]
[PlyCount "49"]
[GameId "2160767911094845"]
[EventDate "2004.07.28"]
[EventType "swiss"]
[EventRounds "9"]
[EventCountry "CAN"]
[SourceTitle "CBM 101 Extra"]
[Source "ChessBase"]
[SourceDate "2004.09.01"]
[SourceVersion "2"]
[SourceVersionDate "2004.09.01"]
[SourceQuality "1"]

1. e4 e6 2. d4 d5 3. Nd2 Be7 4. c3 c5 5. Ngf3 Nf6 6. Bd3 Nc6 7. O-O dxe4 8. Nxe4 cxd4 9. cxd4 O-O 10. Nc3 Nb4 11. Bc4 b6 12. Re1 Bb7 13. Ne5 Rc8 14. Bb3 Nbd5 15. Qd3 Qc7 16. Bd2 Ba8 17. Qh3 Rfd8 18. Rac1 Qb7 19. Bg5 Nxc3 20. bxc3 Ne4 21. Bxe7 Qxe7 22. Nxf7 Kxf7 23. Qf5+ Ke8 24. Bxe6 Rc7 25. d5 1-0

[Event "Guelph op"]
[Site "Guelph CAN"]
[Date "2004.07.29"]
[Round "2"]
[White "Tseitlin, Mark D"]
[Black "Quan Zhe"]
[Result "1/2-1/2"]
[WhiteElo "2484"]
[BlackElo "2324"]
[PlyCount "98"]
[GameId "2160767911094846"]
[EventDate "2004.07.28"]
[EventType "swiss"]
[EventRounds "9"]
[EventCountry "CAN"]
[SourceTitle "CBM 101 Extra"]
[Source "ChessBase"]
[SourceDate "2004.09.01"]
[SourceVersion "2"]
[SourceVersionDate "2004.09.01"]
[SourceQuality "1"]

1. e4 c5 2. Nf3 e6 3. d4 cxd4 4. Nxd4 a6 5. Nc3 Qc7 6. Bd3 Nf6 7. O-O Bc5 8. Nf3 d6 9. Na4 Ba7 10. c4 Nbd7 11. Qe2 O-O 12. b4 Rb8 13. Bb2 Ng4 14. Rac1 Nde5 15. Nxe5 Nxe5 16. c5 Bd7 17. Bxe5 dxe5 18. Nb2 Rfd8 19. Qc2 Rbc8 20. Nc4 Bb5 21. a4 Bxc4 22. Bxc4 a5 23. c6 axb4 24. cxb7 Qxb7 25. Qe2 Qc6 26. Qc2 Qb6 27. Qa2 g6 28. g3 Kg7 29. a5 Qd4 30. Qe2 Rc5 31. Rcd1 Rxc4 32. Rxd4 Rdxd4 33. Rd1 Rxd1+ 34. Qxd1 Rc5 35. Qa4 b3 36. Qxb3 Rxa5 37. Kg2 Bd4 38. h4 h5 39. f3 Ra6 40. Qc4 Rb6 41. Kh3 Rb2 42. Qc1 Ra2 43. Qd1 Ra1 44. Qe2 Rh1+ 45. Kg2 Rg1+ 46. Kh3 Rb1 47. Qd3 Rb2 48. Qd1 Rf2 49. Qd3 Rb2 1/2-1/2

[Event "Guelph op"]
[Site "Guelph CAN"]
[Date "2004.07.29"]
[Round "2"]
[White "Tyomkin, Dimitri"]
[Black "Hutters, Tomas"]
[Result "1/2-1/2"]
[WhiteElo "2498"]
[BlackElo "2425"]
[PlyCount "57"]
[GameId "2160767911094847"]
[EventDate "2004.07.28"]
[EventType "swiss"]
[EventRounds "9"]
[EventCountry "CAN"]
[SourceTitle "CBM 101 Extra"]
[Source "ChessBase"]
[SourceDate "2004.09.01"]
[SourceVersion "2"]
[SourceVersionDate "2004.09.01"]
[SourceQuality "1"]

1. e4 c5 2. Nf3 d6 3. d4 cxd4 4. Nxd4 Nf6 5. Nc3 e6 6. g3 Nc6 7. Bg2 Bd7 8. O-O a6 9. Be3 Be7 10. a4 O-O 11. Qe2 Qc7 12. h3 Nxd4 13. Bxd4 Bc6 14. Rfe1 Nd7 15. Nd5 Nf6 16. Nc3 Rfe8 17. Rf1 Rf8 18. a5 Nd7 19. Rfe1 Nf6 20. Rf1 Bd7 21. Rfe1 Bc6 22. Be3 Bd7 23. Bd4 Bc6 24. Na4 Nd7 25. Be3 e5 26. Rec1 Rac8 27. c4 f5 28. Ra3 Nc5 29. b4 1/2-1/2

[Event "Guelph op"]
[Site "Guelph CAN"]
[Date "2004.07.30"]
[Round "3"]
[White "Bolduc, Steve"]
[Black "Harper, Ryan"]
[Result "0-1"]
[WhiteElo "2255"]
[BlackElo "2207"]
[PlyCount "58"]
[GameId "2160767911094848"]
[EventDate "2004.07.28"]
[EventType "swiss"]
[EventRounds "9"]
[EventCountry "CAN"]
[SourceTitle "CBM 101 Extra"]
[Source "ChessBase"]
[SourceDate "2004.09.01"]
[SourceVersion "2"]
[SourceVersionDate "2004.09.01"]
[SourceQuality "1"]

1. d4 Nf6 2. c4 g6 3. Nc3 Bg7 4. e4 d6 5. Nf3 O-O 6. Be2 Na6 7. Bg5 c6 8. Qd2 Nc7 9. d5 cxd5 10. cxd5 b5 11. Nd4 b4 12. Nd1 Nxe4 13. Qe3 Nxg5 14. Nc6 Qd7 15. Qxg5 Bf6 16. Qd2 e6 17. Nxb4 Nxd5 18. Nxd5 exd5 19. O-O d4 20. Bf3 Bb7 21. Bxb7 Qxb7 22. b3 Rac8 23. Rc1 Rxc1 24. Qxc1 Rc8 25. Qd2 Qe4 26. Qa5 Rc1 27. Qxa7 Kg7 28. Qd7 Qe2 29. Ne3 dxe3 0-1

[Event "Guelph op"]
[Site "Guelph CAN"]
[Date "2004.07.30"]
[Round "3"]
[White "Dougherty, Michael"]
[Black "Livshits, Ron"]
[Result "0-1"]
[WhiteElo "2229"]
[BlackElo "2346"]
[PlyCount "76"]
[GameId "2160767911094849"]
[EventDate "2004.07.28"]
[EventType "swiss"]
[EventRounds "9"]
[EventCountry "CAN"]
[SourceTitle "CBM 101 Extra"]
[Source "ChessBase"]
[SourceDate "2004.09.01"]
[SourceVersion "2"]
[SourceVersionDate "2004.09.01"]
[SourceQuality "1"]

1. e4 c5 2. Nf3 d6 3. Bb5+ Nd7 4. a4 Ngf6 5. d3 g6 6. O-O Bg7 7. h3 O-O 8. c3 Ne5 9. Nxe5 dxe5 10. Be3 Qd6 11. Nd2 Nh5 12. Nc4 Qc7 13. a5 Be6 14. a6 b6 15. b4 cxb4 16. cxb4 Rad8 17. Rc1 Qb8 18. Bc6 Nf4 19. Bxf4 exf4 20. Qe2 Rd4 21. b5 Rfd8 22. Rcd1 Bd7 23. Bxd7 R8xd7 24. Rd2 f3 25. Qe3 fxg2 26. Kxg2 Qd8 27. Rfd1 Rc7 28. Rc1 Rc5 29. Rdc2 Rxd3 30. Qf4 Qd7 31. Ne3 Be5 32. Qg4 Qxb5 33. Rxc5 bxc5 34. Qc8+ Kg7 35. Rc4 Qb2 36. Qb7 Rd2 37. Ng4 Bd4 38. Rb4 Rxf2+ 0-1

[Event "Guelph op"]
[Site "Guelph CAN"]
[Date "2004.07.30"]
[Round "3"]
[White "Fedorowicz, John"]
[Black "Wang, David"]
[Result "1-0"]
[WhiteElo "2520"]
[BlackElo "2110"]
[PlyCount "97"]
[GameId "2160767911094850"]
[EventDate "2004.07.28"]
[EventType "swiss"]
[EventRounds "9"]
[EventCountry "CAN"]
[SourceTitle "CBM 101 Extra"]
[Source "ChessBase"]
[SourceDate "2004.09.01"]
[SourceVersion "2"]
[SourceVersionDate "2004.09.01"]
[SourceQuality "1"]

1. d4 d5 2. c4 dxc4 3. e3 Nf6 4. Bxc4 e6 5. Nf3 a6 6. O-O c5 7. Bb3 Nc6 8. Nc3 cxd4 9. exd4 Be7 10. a3 O-O 11. Bf4 Na5 12. Ba2 b5 13. b4 Nc6 14. d5 exd5 15. Nxd5 Nxd5 16. Bxd5 Bb7 17. Ne5 Nxe5 18. Bxb7 Ra7 19. Be4 Ng6 20. Be3 Rd7 21. Qg4 Ne5 22. Qf5 g6 23. Qh3 f5 24. Bc2 Nc4 25. Bh6 Re8 26. Rac1 Bg5 27. Bxg5 Qxg5 28. Bb3 Red8 29. Qc3 Rd4 30. h3 h6 31. Qf3 Qf6 32. Rfe1 Kh7 33. Bxc4 bxc4 34. Qe3 R8d7 35. Qe8 Qf7 36. Qc8 R7d6 37. a4 Qd7 38. Qc5 Re4 39. Rxe4 fxe4 40. Rxc4 Rd1+ 41. Kh2 Qe6 42. Qc7+ Rd7 43. Rxe4 Qf7 44. Qf4 Qg7 45. Qe3 Qf6 46. Re6 Qf8 47. Rxa6 Qxb4 48. g3 Re7 49. Ra7 1-0

[Event "Guelph op"]
[Site "Guelph CAN"]
[Date "2004.07.30"]
[Round "3"]
[White "Filipovich, David"]
[Black "MacPhail, John"]
[Result "1/2-1/2"]
[WhiteElo "2210"]
[BlackElo "2339"]
[PlyCount "81"]
[GameId "2160767911094851"]
[EventDate "2004.07.28"]
[EventType "swiss"]
[EventRounds "9"]
[EventCountry "CAN"]
[SourceTitle "CBM 101 Extra"]
[Source "ChessBase"]
[SourceDate "2004.09.01"]
[SourceVersion "2"]
[SourceVersionDate "2004.09.01"]
[SourceQuality "1"]

1. Nf3 Nf6 2. g3 b6 3. Bg2 Bb7 4. O-O e6 5. c4 c5 6. Nc3 d6 7. Re1 Be7 8. e4 Nbd7 9. d4 cxd4 10. Nxd4 Qb8 11. f4 O-O 12. e5 dxe5 13. fxe5 Ne8 14. Nc6 Bc5+ 15. Be3 Qc8 16. Bxc5 Bxc6 17. Bxf8 Bxg2 18. Kxg2 Qc6+ 19. Qf3 Qxf3+ 20. Kxf3 Kxf8 21. Rad1 Ke7 22. Rd4 Rc8 23. b4 h6 24. Nb5 a6 25. Nc3 a5 26. Na4 Rc7 27. a3 axb4 28. axb4 Ra7 29. Rxd7+ Kxd7 30. Nxb6+ Kc6 31. c5 Ra3+ 32. Re3 Rxe3+ 33. Kxe3 Kb5 34. Na8 Kc6 35. Kd4 Kb5 36. Kc3 f6 37. exf6 gxf6 38. Nb6 Nc7 39. Kb3 Nd5 40. Nd7 Nxb4 41. Nxf6 1/2-1/2

[Event "Guelph op"]
[Site "Guelph CAN"]
[Date "2004.07.30"]
[Round "3"]
[White "Henry, Liam"]
[Black "Stevens, Christian"]
[Result "0-1"]
[WhiteElo "2062"]
[BlackElo "2266"]
[PlyCount "64"]
[GameId "2160767911094852"]
[EventDate "2004.07.28"]
[EventType "swiss"]
[EventRounds "9"]
[EventCountry "CAN"]
[SourceTitle "CBM 101 Extra"]
[Source "ChessBase"]
[SourceDate "2004.09.01"]
[SourceVersion "2"]
[SourceVersionDate "2004.09.01"]
[SourceQuality "1"]

1. e4 c5 2. Nf3 e6 3. d4 cxd4 4. Nxd4 a6 5. Bd3 Bc5 6. Nb3 Be7 7. Nc3 d6 8. Be3 Nd7 9. f4 Qc7 10. Qf3 b5 11. a3 Bb7 12. g4 d5 13. exd5 Ngf6 14. O-O Nxd5 15. Nxd5 Bxd5 16. Be4 Bxe4 17. Qxe4 O-O 18. g5 Nc5 19. Nxc5 Bxc5 20. c3 Qb6 21. Bxc5 Qxc5+ 22. Qd4 Qxd4+ 23. cxd4 Rfd8 24. Rfd1 Rac8 25. Rac1 Rxc1 26. Rxc1 Kf8 27. Rd1 Rc8 28. Rd2 Ke7 29. Kf2 Kd6 30. Ke3 Kd5 31. Kd3 Rc4 32. Ke3 Rc1 0-1

[Event "Guelph op"]
[Site "Guelph CAN"]
[Date "2004.07.30"]
[Round "3"]
[White "Hutters, Tomas"]
[Black "Tseitlin, Mark D"]
[Result "1/2-1/2"]
[WhiteElo "2425"]
[BlackElo "2484"]
[PlyCount "68"]
[GameId "2160767911094853"]
[EventDate "2004.07.28"]
[EventType "swiss"]
[EventRounds "9"]
[EventCountry "CAN"]
[SourceTitle "CBM 101 Extra"]
[Source "ChessBase"]
[SourceDate "2004.09.01"]
[SourceVersion "2"]
[SourceVersionDate "2004.09.01"]
[SourceQuality "1"]

1. Nf3 Nf6 2. c4 g6 3. Nc3 d5 4. cxd5 Nxd5 5. Qb3 Nb6 6. d4 Bg7 7. Bg5 h6 8. Bh4 Be6 9. Qc2 c5 10. Rd1 cxd4 11. Nxd4 Bxd4 12. e3 Nc6 13. exd4 O-O 14. Be2 Kh7 15. d5 Nb4 16. Qb3 N4xd5 17. O-O Nxc3 18. Qxc3 Nd5 19. Qe5 Qa5 20. Bf3 Rfd8 21. Bxe7 Rd7 22. Ba3 Rad8 23. Rd4 Qc7 24. Qxc7 Rxc7 25. Rfd1 Rcd7 26. h4 h5 27. Bxd5 Rxd5 28. Rxd5 Rxd5 29. Rxd5 Bxd5 30. b3 Be4 31. Bc5 b6 32. Bd4 Bb1 33. a3 Ba2 34. b4 Kg8 1/2-1/2

[Event "Guelph op"]
[Site "Guelph CAN"]
[Date "2004.07.30"]
[Round "3"]
[White "Jonkman, Harmen"]
[Black "Tyomkin, Dimitri"]
[Result "1/2-1/2"]
[WhiteElo "2425"]
[BlackElo "2498"]
[PlyCount "41"]
[GameId "2160767911094854"]
[EventDate "2004.07.28"]
[EventType "swiss"]
[EventRounds "9"]
[EventCountry "CAN"]
[SourceTitle "CBM 101 Extra"]
[Source "ChessBase"]
[SourceDate "2004.09.01"]
[SourceVersion "2"]
[SourceVersionDate "2004.09.01"]
[SourceQuality "1"]

1. e4 c5 2. c3 d5 3. exd5 Qxd5 4. d4 Nf6 5. Nf3 Bg4 6. dxc5 Qxc5 7. Na3 Nbd7 8. h3 Be6 9. Bd3 Bd5 10. O-O e6 11. c4 Be4 12. Nb5 a6 13. Be3 Qc8 14. Nc3 Bxd3 15. Qxd3 Bc5 16. b3 O-O 17. Rfd1 Rd8 18. Ne4 Bxe3 19. Qxe3 Nxe4 20. Qxe4 Qc7 21. Qe2 1/2-1/2

[Event "Guelph op"]
[Site "Guelph CAN"]
[Date "2004.07.30"]
[Round "3"]
[White "Lapshun, Yury"]
[Black "Arencibia Rodriguez, Walter"]
[Result "1/2-1/2"]
[WhiteElo "2444"]
[BlackElo "2531"]
[PlyCount "120"]
[GameId "2160767911094855"]
[EventDate "2004.07.28"]
[EventType "swiss"]
[EventRounds "9"]
[EventCountry "CAN"]
[SourceTitle "CBM 101 Extra"]
[Source "ChessBase"]
[SourceDate "2004.09.01"]
[SourceVersion "2"]
[SourceVersionDate "2004.09.01"]
[SourceQuality "1"]

1. e4 e6 2. d4 d5 3. Nc3 Bb4 4. e5 c5 5. a3 Bxc3+ 6. bxc3 Ne7 7. Qg4 O-O 8. Bd3 f5 9. Qh3 Qa5 10. Bd2 Qa4 11. Nf3 c4 12. Be2 Qxc2 13. Rc1 Qa4 14. g4 Qe8 15. Rg1 Nbc6 16. Ng5 Qg6 17. gxf5 Qxf5 18. Qh4 h6 19. Nh3 Ng6 20. Qg3 Nce7 21. Bg4 Qe4+ 22. Kd1 Bd7 23. Be3 Kh7 24. Ke1 Be8 25. Bh5 Qh4 26. Bxg6+ Nxg6 27. Qg4 Qxg4 28. Rxg4 Rf5 29. Kd2 Rh5 30. Rg3 Rc8 31. Rcg1 Rc7 32. Rxg6 Bxg6 33. Rxg6 Kxg6 34. Nf4+ Kf5 35. Nxh5 Kg4 36. Nf4 Rc6 37. Ke2 g5 38. f3+ Kf5 39. Nh5 Kg6 40. Ng3 Rb6 41. Bc1 Rb3 42. Kd2 a5 43. Kc2 b5 44. Bb2 b4 45. a4 h5 46. h3 bxc3 47. Bxc3 Rb8 48. Ne2 Rf8 49. Ng1 Rf7 50. Bd2 Rf8 51. Bc3 Rf4 52. Kd2 Kf5 53. Ke3 g4 54. hxg4+ hxg4 55. Bxa5 gxf3 56. Nxf3 Re4+ 57. Kf2 Rg4 58. Ke3 Re4+ 59. Kf2 Rg4 60. Ke3 Rg3 1/2-1/2

[Event "Guelph op"]
[Site "Guelph CAN"]
[Date "2004.07.30"]
[Round "3"]
[White "Moiseenko, Alexander"]
[Black "Barsov, Alexei"]
[Result "1-0"]
[WhiteElo "2640"]
[BlackElo "2497"]
[PlyCount "192"]
[GameId "2160767911094856"]
[EventDate "2004.07.28"]
[EventType "swiss"]
[EventRounds "9"]
[EventCountry "CAN"]
[SourceTitle "CBM 101 Extra"]
[Source "ChessBase"]
[SourceDate "2004.09.01"]
[SourceVersion "2"]
[SourceVersionDate "2004.09.01"]
[SourceQuality "1"]

1. d4 d5 2. c4 e6 3. Nc3 Be7 4. cxd5 exd5 5. Bf4 c6 6. e3 Bf5 7. g4 Be6 8. Bd3 Nd7 9. Qf3 g5 10. Bg3 Ngf6 11. Bf5 Bxf5 12. Qxf5 h5 13. f3 Nb6 14. b3 hxg4 15. fxg4 Qd7 16. Be5 Qxf5 17. gxf5 Nbd7 18. Bxf6 Nxf6 19. Ke2 g4 20. Kf2 Rh5 21. Kg2 Rxf5 22. Nge2 Rf3 23. h3 Rxe3 24. hxg4 O-O-O 25. Rh3 Rxh3 26. Kxh3 Rh8+ 27. Kg3 Rg8 28. Kf3 Rxg4 29. Rh1 Bd6 30. Nd1 Rg5 31. Nf2 Kc7 32. Nf4 Rf5 33. N2d3 Ne4 34. Ke3 Bxf4+ 35. Nxf4 Rg5 36. Rh7 Rg3+ 37. Ke2 Nd6 38. Kd2 Kb6 39. Kc2 Nf5 40. Ne2 Rg7 41. Rh3 Rg4 42. Kd3 Nh4 43. Nc3 Kc7 44. b4 Kd6 45. Ne2 f5 46. Ke3 Re4+ 47. Kf2 Ke6 48. a4 Kf6 49. b5 Ng6 50. bxc6 bxc6 51. Rc3 Ne7 52. Rc5 f4 53. Rc3 Kf5 54. Rh3 Kg4 55. Rh1 Nf5 56. Rg1+ Kh4 57. Rd1 Ne3 58. Rh1+ Kg5 59. Rh7 Ng4+ 60. Kf1 f3 61. Ng1 f2 62. Ne2 a5 63. Rg7+ Kf6 64. Rc7 Re6 65. Ra7 Re3 66. Ra8 Rh3 67. Rf8+ Ke7 68. Rf4 Rh1+ 69. Kg2 f1=Q+ 70. Rxf1 Rxf1 71. Kxf1 Ne3+ 72. Ke1 Nc4 73. Nc3 Ke6 74. Ke2 Kf5 75. Kf3 Nb2 76. Kg3 Nc4 77. Kf3 Na3 78. Ke3 Kg4 79. Kd3 Nc4 80. Nd1 Kf3 81. Nc3 Kf2 82. Nd1+ Kf1 83. Nc3 Ke1 84. Kc2 Ne3+ 85. Kd3 Nd1 86. Na2 Nb2+ 87. Kc2 Nxa4 88. Nc1 Nb6 89. Nd3+ Ke2 90. Ne5 Ke3 91. Nxc6 a4 92. Kc3 Nc4 93. Ne5 Nb6 94. Nc6 Ke4 95. Kb4 Kd3 96. Kc5 Kc3 1-0

[Event "Guelph op"]
[Site "Guelph CAN"]
[Date "2004.07.30"]
[Round "3"]
[White "Noritsyn, Nikolay"]
[Black "Divljan, Igor"]
[Result "1-0"]
[WhiteElo "2175"]
[BlackElo "2317"]
[PlyCount "57"]
[GameId "2160767911094857"]
[EventDate "2004.07.28"]
[EventType "swiss"]
[EventRounds "9"]
[EventCountry "CAN"]
[SourceTitle "CBM 101 Extra"]
[Source "ChessBase"]
[SourceDate "2004.09.01"]
[SourceVersion "2"]
[SourceVersionDate "2004.09.01"]
[SourceQuality "1"]

1. e4 c5 2. Nf3 e6 3. d4 cxd4 4. Nxd4 Nc6 5. Nb5 d6 6. c4 Nf6 7. N1c3 a6 8. Na3 b6 9. Be2 Bb7 10. O-O Ne5 11. f4 Ned7 12. Bf3 Be7 13. Qe2 O-O 14. g4 h6 15. h4 Nh7 16. g5 hxg5 17. fxg5 Ne5 18. Bf4 Nxf3+ 19. Rxf3 Re8 20. Raf1 d5 21. Be5 f6 22. gxf6 gxf6 23. Kh1 Kh8 24. Qe3 fxe5 25. Rf7 Bf8 26. Qg3 Bh6 27. Qxe5+ Kg8 28. Qh5 Bg7 29. Rxg7+ 1-0

[Event "Guelph op"]
[Site "Guelph CAN"]
[Date "2004.07.30"]
[Round "3"]
[White "Ochkoos, Jura"]
[Black "Kret, Ted"]
[Result "1/2-1/2"]
[WhiteElo "2299"]
[BlackElo "2143"]
[PlyCount "46"]
[GameId "2160767911094858"]
[EventDate "2004.07.28"]
[EventType "swiss"]
[EventRounds "9"]
[EventCountry "CAN"]
[SourceTitle "CBM 101 Extra"]
[Source "ChessBase"]
[SourceDate "2004.09.01"]
[SourceVersion "2"]
[SourceVersionDate "2004.09.01"]
[SourceQuality "1"]

1. e4 c5 2. Nf3 Nc6 3. d4 cxd4 4. Nxd4 Nf6 5. Nc3 e5 6. Ndb5 d6 7. Bg5 a6 8. Na3 b5 9. Nd5 Be6 10. c4 Bxd5 11. exd5 Nd4 12. cxb5 Be7 13. Bxf6 Bxf6 14. bxa6 Qa5+ 15. Qd2 Qxd5 16. Nc4 Rxa6 17. a4 O-O 18. Ne3 Qa8 19. Bxa6 Qxa6 20. Rd1 Rb8 21. Qd3 Qa5+ 22. Qd2 Qa6 23. Qd3 Qa5+ 1/2-1/2

[Event "Guelph op"]
[Site "Guelph CAN"]
[Date "2004.07.30"]
[Round "3"]
[White "Predescu, Sebastian"]
[Black "Buscar, Michael"]
[Result "1/2-1/2"]
[WhiteElo "2221"]
[BlackElo "2068"]
[PlyCount "46"]
[GameId "2160767911094859"]
[EventDate "2004.07.28"]
[EventType "swiss"]
[EventRounds "9"]
[EventCountry "CAN"]
[SourceTitle "CBM 101 Extra"]
[Source "ChessBase"]
[SourceDate "2004.09.01"]
[SourceVersion "2"]
[SourceVersionDate "2004.09.01"]
[SourceQuality "1"]

1. e4 c5 2. Nf3 Nc6 3. d4 cxd4 4. Nxd4 Nf6 5. Nc3 e5 6. Ndb5 d6 7. Bg5 a6 8. Na3 b5 9. Nd5 Be7 10. Bxf6 Bxf6 11. c3 O-O 12. Nc2 Bg5 13. a4 bxa4 14. Rxa4 a5 15. Bc4 Be6 16. O-O Ne7 17. Nxe7+ Bxe7 18. Bxe6 fxe6 19. Ne3 Qb6 20. Nc4 Qc5 21. Nxa5 Qb5 22. c4 Qxb2 23. Nc6 Qb7 1/2-1/2

[Event "Guelph op"]
[Site "Guelph CAN"]
[Date "2004.07.30"]
[Round "3"]
[White "Quan Zhe"]
[Black "Burnett, Ronald"]
[Result "0-1"]
[WhiteElo "2324"]
[BlackElo "2439"]
[PlyCount "84"]
[GameId "2160767911094860"]
[EventDate "2004.07.28"]
[EventType "swiss"]
[EventRounds "9"]
[EventCountry "CAN"]
[SourceTitle "CBM 101 Extra"]
[Source "ChessBase"]
[SourceDate "2004.09.01"]
[SourceVersion "2"]
[SourceVersionDate "2004.09.01"]
[SourceQuality "1"]

1. d4 e6 2. c4 b6 3. Nf3 Bb7 4. g3 Bb4+ 5. Bd2 Bxf3 6. exf3 Bxd2+ 7. Qxd2 d5 8. Nc3 Ne7 9. cxd5 exd5 10. Bg2 a5 11. O-O O-O 12. Rac1 c6 13. f4 Na6 14. Nd1 Qd6 15. Ne3 Nc7 16. Rfd1 Rfd8 17. Qc2 a4 18. a3 Qd7 19. Bf3 Nb5 20. Bg4 Qb7 21. Nf5 Nxf5 22. Bxf5 g6 23. Bg4 Rd6 24. h4 f5 25. Be2 Nc7 26. h5 Ne6 27. Bf3 Qg7 28. hxg6 hxg6 29. Qd2 Rad8 30. Qe3 g5 31. fxg5 Nxg5 32. Bg2 Re6 33. Qd3 Rf8 34. Re1 Ne4 35. Re3 f4 36. Rxe4 dxe4 37. Bxe4 fxg3 38. fxg3 Qg4 39. Bxc6 Qg5 40. Rc3 Re1+ 41. Kg2 Qh5 42. g4 Qh1+ 0-1

[Event "Guelph op"]
[Site "Guelph CAN"]
[Date "2004.07.30"]
[Round "3"]
[White "Thavandiran, Shiyam"]
[Black "Peng, David Yu"]
[Result "1-0"]
[WhiteElo "2175"]
[BlackElo "2038"]
[PlyCount "81"]
[GameId "2160767911094861"]
[EventDate "2004.07.28"]
[EventType "swiss"]
[EventRounds "9"]
[EventCountry "CAN"]
[SourceTitle "CBM 101 Extra"]
[Source "ChessBase"]
[SourceDate "2004.09.01"]
[SourceVersion "2"]
[SourceVersionDate "2004.09.01"]
[SourceQuality "1"]

1. e4 c5 2. Nf3 e6 3. d4 cxd4 4. Nxd4 Nf6 5. Nc3 d6 6. g4 h6 7. h4 Nc6 8. Rg1 d5 9. exd5 Nxd5 10. Nxd5 exd5 11. Be3 Be7 12. g5 hxg5 13. hxg5 g6 14. Qd2 a6 15. O-O-O Rh2 16. Bd3 Nxd4 17. Bxd4 Rh4 18. f4 Qc7 19. Be5 Qb6 20. Rh1 Rxh1 21. Rxh1 Be6 22. Bd4 Qd6 23. Rh8+ Bf8 24. b4 b6 25. Bg7 Kd7 26. Rxf8 Rxf8 27. Bxf8 Qxf8 28. Bxa6 Qh8 29. Bb5+ Ke7 30. c3 Qh1+ 31. Kb2 Qe4 32. Qd4 Qxd4 33. cxd4 f6 34. a4 fxg5 35. fxg5 Kd6 36. a5 bxa5 37. bxa5 Bc8 38. Bd3 Kc6 39. Bxg6 Be6 40. Be8+ Kc7 41. g6 1-0